<?xml version="1.0" encoding="UTF-8"?>
<collection xmlns="http://www.loc.gov/MARC21/slim">
 <record>
  <leader>00847nam a22001935a 4500</leader>
  <controlfield tag="001">EEA.libagro007260</controlfield>
  <controlfield tag="005">20180605115239.0</controlfield>
  <controlfield tag="008">130809s2004####ag#a##########000#0#spa#d</controlfield>
  <datafield tag="020" ind1=" " ind2=" ">
   <subfield code="a">9875441120</subfield>
  </datafield>
  <datafield tag="082" ind1="0" ind2="4">
   <subfield code="a">581.334</subfield>
  </datafield>
  <datafield tag="100" ind1="1" ind2=" ">
   <subfield code="a">Cardinali, Francisco José.</subfield>
  </datafield>
  <datafield tag="245" ind1="1" ind2="0">
   <subfield code="a">Fundamentos fisiológicos de la germinación :</subfield>
   <subfield code="b">aspectos morfoanatómicos de las semillas /</subfield>
   <subfield code="c">Francisco José Cardinali.</subfield>
  </datafield>
  <datafield tag="260" ind1=" " ind2=" ">
   <subfield code="a">Mar del Plata :</subfield>
   <subfield code="b">Universidad Nacional de Mar del Plata,</subfield>
   <subfield code="c">2004.</subfield>
  </datafield>
  <datafield tag="300" ind1=" " ind2=" ">
   <subfield code="a">170 p. :</subfield>
   <subfield code="b">il. ;</subfield>
   <subfield code="c">22 cm.</subfield>
  </datafield>
  <datafield tag="859" ind1=" " ind2=" ">
   <subfield code="a">AR-BbBCA</subfield>
   <subfield code="b">BIB. AGRONOMIA</subfield>
   <subfield code="h">581.334</subfield>
   <subfield code="i">C267</subfield>
   <subfield code="p">2004/4631</subfield>
  </datafield>
  <datafield tag="859" ind1=" " ind2=" ">
   <subfield code="a">AR-BbBCA</subfield>
   <subfield code="b">BIB. AGRONOMIA</subfield>
   <subfield code="h">581.334</subfield>
   <subfield code="i">C267</subfield>
   <subfield code="p">2004/4632</subfield>
   <subfield code="t">Ej.2</subfield>
  </datafield>
  <datafield tag="859" ind1=" " ind2=" ">
   <subfield code="a">AR-BbBCA</subfield>
   <subfield code="b">BIB. AGRONOMIA</subfield>
   <subfield code="h">581.334</subfield>
   <subfield code="i">C267</subfield>
   <subfield code="p">2004/4633</subfield>
   <subfield code="t">Ej.3</subfield>
  </datafield>
  <datafield tag="859" ind1=" " ind2=" ">
   <subfield code="a">AR-BbBCA</subfield>
   <subfield code="b">BIB. AGRONOMIA</subfield>
   <subfield code="h">581.334</subfield>
   <subfield code="i">C267</subfield>
   <subfield code="p">2004/4634</subfield>
   <subfield code="t">Ej.4</subfield>
  </datafield>
  <datafield tag="859" ind1=" " ind2=" ">
   <subfield code="a">AR-BbBCA</subfield>
   <subfield code="b">BIB. AGRONOMIA</subfield>
   <subfield code="h">581.334</subfield>
   <subfield code="i">C267</subfield>
   <subfield code="p">2004/4635</subfield>
   <subfield code="t">Ej.5</subfield>
  </datafield>
 </record>
</collection>
